[Event "Tourn. n8467"]
[Site "www.chess-mail.com"]
[Date "2015.12.23"]
[Round "1"]
[White "Falcoale"]
[Black "Chesspower"]
[WhiteElo "1890"]
[BlackElo "1600"]
[Result "1/2-1/2"]
[Round "1"]
1.e4 d6
2.Ng1f3 c5
3.d4 cxd4
4.Nf3xd4 Ng8f6
5.Nb1c3 a6
6.Bf1d3 g6
7.O-O Bf8g7
8.Nd4b3 O-O
9.Nc3d5 Nb8c6
10.c3 Nc6e5
11.Bc1g5 Nf6xd5
12.exd5 Ne5xd3
13.Qd1xd3 h6
14.Bg5h4 Bc8f5
15.Qd3e3 g5
16.Bh4g3 e5
17.c4 Rf8e8
18.Rf1e1 Bf5g6
19.Nb3d2 f5
20.Qe3b3 Qd8d7
21.Ra1d1 f4
22.Bg3xf4 exf4
23.Nd2f3 b5
{ draw }
1/2-1/2

[Event "Tourn. n8521"]
[Site "www.chess-mail.com"]
[Date "2015.12.23"]
[Round "1"]
[White "Tonino1"]
[Black "Skarr"]
[WhiteElo "1990"]
[BlackElo "1809"]
[Result "1-0"]
[Round "1"]
1.d4 e6
2.Ng1f3 f5
3.e3 Ng8f6
4.Bf1d3 b6
5.b3 Bc8b7
6.Bc1b2 Bf8e7
7.Nb1d2 O-O
8.Qd1e2 Nf6e4
9.O-O { resign }
1-0

[Event "Tourn. n8503"]
[Site "www.chess-mail.com"]
[Date "2015.12.23"]
[Round "1"]
[White "Feli"]
[Black "Redabond"]
[WhiteElo "1420"]
[BlackElo "1610"]
[Result "0-1"]
[Round "1"]
1.e4 e5
2.Ng1f3 Nb8c6
3.d4 d6
4.Bf1b5 a6
5.Bb5xc6 bxc6
6.dxe5 dxe5
7.Qd1xd8 Kxd8
8.Nf3xe5 Ng8h6
9.Bc1xh6 gxh6
10.Ne5xf7 Ke8
11.Nf7xh8 Bf8g7
{ resign }
0-1

[Event "Tourn. n8485"]
[Site "www.chess-mail.com"]
[Date "2015.12.23"]
[Round "1"]
[White "Wwgia"]
[Black "Yangqi"]
[WhiteElo "2230"]
[BlackElo "2600"]
[Result "0-1"]
[Round "1"]
1.d4 Ng8f6
2.c4 c5
3.d5 e6
4.Nb1c3 exd5
5.cxd5 d6
6.Bc1f4 a6
7.e4 g6
8.a4 Bf8g7
9.Ng1f3 O-O
10.Bf1e2 Bc8g4
11.O-O Rf8e8
12.Nf3d2 Bg4xe2
13.Qd1xe2 Nf6h5
14.Bf4e3 Nb8d7
15.Nd2c4 Nd7e5
16.f4 Ne5xc4
17.Qe2xc4 Nh5f6
18.h3 b5
19.axb5 axb5
20.Qc4xb5 Nf6xe4
21.Nc3xe4 Re8xe4
22.Ra1xa8 Qd8xa8
23.Be3c1 Qa8xd5
24.f5 Bg7d4
25.Kh1 Re4h4
{ resign }
0-1

[Event "Tourn. n8535"]
[Site "www.chess-mail.com"]
[Date "2015.12.23"]
[Round "1"]
[White "Passaroa25"]
[Black "Powerchess"]
[WhiteElo "1650"]
[BlackElo "1410"]
[Result "0-1"]
[Round "1"]
1.e4 e5
2.Ng1e2 Nb8c6
3.Ne2g3 Ng8f6
4.f3 d5
5.c3 dxe4
6.Ng3xe4 Nf6xe4
7.fxe4 Qd8h4
8.Ke2 Bc8g4
{ resign }
0-1

[Event "Match"]
[Site "www.echecsemail.com"]
[Date "2015.12.23"]
[Round "1"]
[White "Pariolinius"]
[Black "Ztornad"]
[WhiteElo "1900"]
[BlackElo "1760"]
[Result "1-0"]
[Round "1"]
1.e4 e5
2.Ng1f3 Ng8f6
3.Nf3xe5 Nf6xe4
4.Qd1e2 d5
5.Nb1c3 Bc8e6
6.Nc3xe4 Qd8h4
7.Ne4g3 Qh4f4
8.d3 Qf4f6
9.d4 Nb8c6
10.c3 Bf8d6
11.Ng3h5 Qf6e7
12.Nh5xg7 Kd8
13.Ne5xc6 bxc6
14.Ng7xe6 fxe6
15.g3 Qe7f7
16.Bf1h3 Rh8e8
17.O-O e5
18.Bc1g5 Bd6e7
19.Qe2xe5 Be7xg5
20.Qe5xg5 Qf7e7
21.Qg5xe7 Re8xe7
22.Rf1e1 Re7f7
23.Re1e6 c5
24.Ra1e1 Rf7f8
25.dxc5 a5
26.c6 Ra8a6
27.Re1d1 Ra6xc6
28.Rd1xd5 Rc6d6
29.Re6xd6 Ke7
30.Rd6d7 Kf6
31.Rd5f5 Kg6
32.Rf5xf8 h6
33.Bh3f5 Kg5
34.Rd7g7 Kh5
35.Bf5g4  { time }
1-0

[Event "Match"]
[Site "www.echecsemail.com"]
[Date "2015.12.23"]
[Round "1"]
[White "Stevep84"]
[Black "Jhw"]
[WhiteElo "2160"]
[BlackElo "1960"]
[Result "1-0"]
[Round "1"]
1.e4 c5
2.Ng1f3 Nb8c6
3.d4 e6
4.Nb1c3 a6
5.d5 Nc6a7
6.d6 Qd8b6
7.e5 Na7c6
8.Bc1d2 f6
9.Nc3a4 Qb6a7
10.Bd2e3 b6
11.Be3f4 b5
12.Na4c3 f5
13.Nf3g5 h6
14.Qd1h5 { resign }
1-0

[Event "Match"]
[Site "www.echecsemail.com"]
[Date "2015.12.23"]
[Round "1"]
[White "E4player"]
[Black "Forest"]
[WhiteElo "2670"]
[BlackElo "1570"]
[Result "1-0"]
[Round "1"]
1.e4 c5
2.c3 d6
3.Ng1f3 a6
4.d4 cxd4
5.cxd4 Ng8f6
6.Nb1c3 e6
7.Bf1d3 Nb8c6
8.a3 Bf8e7
9.O-O O-O
10.h3 Rf8e8
11.Bc1e3 b5
12.e5 dxe5
13.dxe5 Nf6d5
14.Nc3xd5 Qd8xd5
15.Qd1c2 { resign }
1-0

[Event "Match"]
[Site "www.echecsemail.com"]
[Date "2015.12.23"]
[Round "1"]
[White "Pariolinius"]
[Black "Cardiff"]
[WhiteElo "1940"]
[BlackElo "1780"]
[Result "0-1"]
[Round "1"]
1.d4 c5
2.c4 cxd4
3.Qd1xd4 Nb8c6
4.Qd4d1 d6
5.Nb1c3 g6
6.Ng1f3 Bf8g7
7.e4 Ng8f6
8.Bf1e2 O-O
9.O-O Bc8g4
10.Bc1e3 Bg4xf3
11.Be2xf3 Nc6e5
12.Bf3e2 a6
13.f4 Ne5c6
14.Qd1c2 Ra8c8
15.a3 Qd8d7
16.h3 Rf8d8
17.Ra1d1 Qd7c7
18.Qc2b3 Nc6a5
19.Qb3a2 Na5xc4
20.Be3f2 Nc4xb2
21.Qa2xb2 Qc7xc3
22.Qb2xc3 Rc8xc3
23.Rd1d3 Nf6xe4
24.Rd3xc3 Ne4xc3
25.Be2f3 d5
26.Bf2b6 Rd8c8
27.Rf1e1 e6
28.Bb6a5 b5
29.Kf2 h5
30.Ke3 Nc3e4
31.Bf3xe4 dxe4
32.Kxe4 Bg7c3
33.Ba5xc3 Rc8xc3
34.Re1e3 Rc3xe3
35.Kxe3 a5
36.Kd4 b4
37.axb4 axb4
38.Kc4 f6
39.Kxb4 Kf7
40.Kc4 Ke7
41.Kc5 Kd7
42.g3 g5
43.fxg5 fxg5
44.h4 gxh4
45.gxh4 Ke7
46.Kd4 Kf6
47.Ke4 e5
48.Kf3 Kf5
{ resign }
0-1

[Event "Match"]
[Site "www.echecsemail.com"]
[Date "2015.12.23"]
[Round "1"]
[White "Jhw"]
[Black "Goosebumps"]
[WhiteElo "1950"]
[BlackElo "2150"]
[Result "0-1"]
[Round "1"]
1.Ng1f3 d5
2.c4 c6
3.a4 Ng8f6
4.c5 Bc8f5
5.Qd1b3 Qd8c7
6.e3 e6
7.Nf3d4 Bf5xb1
8.Ra1xb1 Bf8xc5
9.Bf1e2 Bc5d6
10.f4 Nb8d7
11.g4 O-O-O
12.g5 Nf6e4
13.O-O h6
14.d3 Ne4c5
15.Qb3c2 hxg5
16.b4 Nc5a6
17.Bc1d2 gxf4
18.exf4 e5
19.Nd4f5 exf4
20.Nf5xd6 Qc7xd6
21.Bd2xf4 Qd6g6
22.Bf4g3 Rh8h3
23.b5 Rh3xg3
24.Kh1 Rd8h8
25.bxa6 Rg3g2
26.axb7 Kb8
27.Rb1b4 Rh8xh2
{ resign }
0-1

[Event "Match"]
[Site "www.echecsemail.com"]
[Date "2015.12.23"]
[Round "1"]
[White "Jpjohnston"]
[Black "Menace"]
[WhiteElo "2070"]
[BlackElo "2230"]
[Result "0-1"]
[Round "1"]
1.e4 e5
2.f4 exf4
3.d4 Qd8h4
4.Ke2 d6
5.Qd1e1 Qh4xe1
6.Kxe1 Ng8f6
7.Nb1c3 Nb8c6
8.Bf1b5 Bc8d7
9.Bb5xc6 Bd7xc6
10.d5 Bc6d7
11.Bc1xf4 Bf8e7
12.Kd2 O-O
13.Ra1d1 c6
14.Kc1 cxd5
15.Nc3xd5 Nf6xd5
16.Rd1xd5 Bd7c6
17.Rd5d2 Bc6xe4
18.Ng1f3 Ra8c8
19.Rh1e1 d5
20.Re1e2 Rf8e8
21.Bf4e5 Be4xf3
22.gxf3 Rc8d8
23.Re2g2 g6
24.f4 h6
25.c3 b5
26.b4 a6
27.Kc2 Rd8d7
28.f5 g5
29.f6 Be7xb4
30.Be5d4 Bb4d6
31.h4 Bd6f4
32.Rd2f2 Re8e4
33.hxg5 Bf4xg5
34.Rf2f1 b4
35.Rf1h1 Rd7c7
36.Rh1xh6 Re4e2
37.Rg2xe2 Bg5xh6
38.Re2e8 Kh7
39.Re8d8 bxc3
40.Rd8xd5 Bh6d2
41.Rd5d6 a5
42.Bd4b6 Rc7b7
43.Bb6xa5 Rb7b2
44.Kd3 Rb2xa2
45.Ba5xc3 Bd2xc3
46.Kxc3 Ra2f2
47.Kd4 Rf2f5
48.Ke4 Kg6
49.Rd6c6 Rf5xf6
50.Rc6xf6 Kxf6
51.Kf4 Ke6
52.Ke4 f5
{ resign }
0-1

[Event "1/128 Finale"]
[Site "www.chess-mail.com"]
[Date "2015.12.23"]
[Round "1"]
[White "Cal"]
[Black "Powerchess"]
[WhiteElo "1299"]
[BlackElo "1390"]
[Result "0-1"]
[Round "1"]
1.Nb1c3 c5
2.e4 a6
3.Ng1f3 d6
4.h3 Nb8c6
5.a3 g6
6.d3 Bf8g7
7.Bc1f4 Ng8f6
8.Nc3e2 O-O
9.c3 b5
10.Ne2g3 Bc8b7
11.b3 Qd8b6
12.Bf1e2 e5
13.Bf4e3 Qb6c7
14.Nf3g5 d5
15.Be3xc5 Rf8d8
16.exd5 Nf6xd5
17.Qd1d2 h6
18.Ng3e4 hxg5
19.Qd2xg5 Nd5f4
20.Be2f3 Nf4xd3
21.Ke2 Nd3f4
22.Kf1 Nf4e6
23.Qg5h4 Rd8e8
24.Bf3g4 Ne6xc5
25.Ne4xc5 Ra8d8
26.Ra1e1 Bb7c8
27.Bg4xc8 Rd8xc8
28.g3 Qc7e7
29.Qh4xe7 Re8xe7
30.Nc5xa6 Rc8a8
31.Kg2 Ra8xa6
32.Re1a1 Re7a7
33.Ra1a2 Ra6xa3
34.Ra2xa3 Ra7xa3
35.Rh1b1 Ra3a2
36.c4 Nc6d4
37.c5 e4
38.b4 e3
39.Rb1d1 Ra2xf2
40.Kg1 Nd4f3
41.Kh1 Rf2h2
{ resign }
0-1

[Event "1/128 Finale"]
[Site "www.chess-mail.com"]
[Date "2015.12.23"]
[Round "1"]
[White "Stepanpech"]
[Black "Skarr"]
[WhiteElo "2170"]
[BlackElo "1809"]
[Result "1-0"]
[Round "1"]
1.e4 e6
2.d4 d5
3.Nb1d2 Ng8f6
4.e5 Nf6d7
5.Bf1d3 c5
6.c3 Nb8c6
7.Ng1e2 cxd4
8.cxd4 { resign }
1-0

[Event "1/128 Finale"]
[Site "www.chess-mail.com"]
[Date "2015.12.23"]
[Round "1"]
[White "Bluetealeaf"]
[Black "Skarr"]
[WhiteElo "1740"]
[BlackElo "1809"]
[Result "1-0"]
[Round "1"]
1.e4 e6
2.Bf1d3 d5
3.e5 c5
4.c3 Nb8c6
5.Qd1e2 Qd8c7
6.Ng1f3 a6
7.Nf3g5 Qc7xe5
8.Qe2xe5 Nc6xe5
9.Bd3e2 Ne5c6
10.d3 h6
11.Ng5h3 e5
12.O-O { resign }
1-0

[Event "1/128 Finale"]
[Site "www.chess-mail.com"]
[Date "2015.12.23"]
[Round "1"]
[White "Skarr"]
[Black "Yangqi"]
[WhiteElo "1809"]
[BlackElo "2610"]
[Result "0-1"]
[Round "1"]
1.e4 e6
2.d4 d5
3.Nb1c3 Nb8c6
4.e5 f6
5.Bf1b5 Bc8d7
6.Ng1f3 Qd8e7
7.O-O Qe7f7
8.Rf1e1 O-O-O
9.a4 Bf8b4
10.Re1e3 Bb4f8
11.Nc3e2 Ng8e7
12.b4 fxe5
13.Bb5xc6 Ne7xc6
14.b5 Nc6xd4
{ resign }
0-1

[Event "1/64 Finale"]
[Site "www.chess-mail.com"]
[Date "2015.12.23"]
[Round "1"]
[White "Tonino1"]
[Black "Attatroll"]
[WhiteElo "1990"]
[BlackElo "1900"]
[Result "1/2-1/2"]
[Round "1"]
1.d4 f5
2.e3 Ng8f6
3.Ng1f3 g6
4.Bf1d3 Bf8g7
5.b3 O-O
6.Bc1b2 d6
7.Nb1d2 c6
8.O-O e5
9.dxe5 dxe5
10.Nf3xe5 Nf6d7
11.Bd3c4 Kh8
12.f4 Nd7xe5
13.fxe5 Qd8b6
14.Qd1e2 Nb8d7
15.Nd2f3 Rf8e8
16.Ra1d1 Nd7xe5
17.Nf3xe5 Bg7xe5
18.Bb2xe5 Re8xe5
19.Rd1d4 Bc8e6
20.Rf1e1 Qb6xd4
21.exd4 Re5xe2
22.Bc4xe2 Be6d5
23.c4 Bd5e4
24.Kf2 Kg7
25.Be2f3 Be4xf3
26.Kxf3 Kf6
27.g4 fxg4
28.Kxg4 Ra8d8
29.Re1d1 h5
30.Kf3 g5
31.h3 Kf5
32.Kg3 h4
33.Kf3 a5
34.d5 cxd5
35.cxd5 Rd8d6
36.a3 b5
37.Rd1d4 Ke5
38.Rd4g4 Kf5
39.Rg4d4 Ke5
40.Rd4d3 Kf5
41.Rd3d4 { draw }
1/2-1/2

[Event "Eq:Angolana Scacchi-Slap Shot Mates : "]
[Site "www.chess-mail.com"]
[Date "2015.12.23"]
[Round "1"]
[White "Mustaphly"]
[Black "Pariolinius"]
[WhiteElo "2740"]
[BlackElo "1940"]
[Result "1-0"]
[Round "1"]
1.d4 d5
2.Ng1f3 Ng8f6
3.c4 g6
4.Nb1c3 Bf8g7
5.Qd1b3 c6
6.e3 e6
7.Bf1d3 Nb8d7
8.O-O O-O
9.Bc1d2 Rf8e8
10.Rf1d1 c5
11.Ra1c1 b6
12.cxd5 Nf6xd5
13.Nc3xd5 exd5
14.Qb3xd5 Ra8b8
15.Bd3b5 a6
16.Bb5c4 Re8f8
17.dxc5 Nd7xc5
18.b4 Qd8xd5
19.Bc4xd5 Nc5d3
20.Rc1c7 Bc8e6
21.Bd5xe6 fxe6
22.Rc7xg7 Kxg7
23.Bd2c3 Kg8
24.Rd1xd3 Rf8d8
25.Bc3d4 b5
26.g3 Rb8c8
27.Rd3a3 Rc8a8
28.Kg2 Rd8c8
29.Nf3g5 Rc8c6
30.Ng5e4 Kf7
31.f4 Rc6c2
32.Kf3 Rc2xh2
33.Ne4d6 Ke7
34.Nd6xb5 Kd7
35.Nb5a7 Kc7
36.Ra3xa6 Ra8e8
37.b5 Rh2d2
38.Bd4e5 Kb7
39.Na7c6 Rd2d5
40.Ra6a7 Kb6
41.a4 h6
42.Be5d4 { resign }
1-0

[Event "Fast Game"]
[Site "www.echecsemail.com"]
[Date "2015.12.23"]
[Round "1"]
[White "Tonino1"]
[Black "Mitja"]
[WhiteElo "1900"]
[BlackElo "1730"]
[Result "1-0"]
[Round "1"]
1.d4 d5
2.Ng1f3 e6
3.e3 c6
4.Bf1d3 Ng8h6
5.O-O Bf8d6
6.b3 Qd8c7
7.Bc1b2 Nb8d7
8.Nb1d2 Nd7f6
9.Qd1e2 Nf6g4
10.h3 Ng4f6
11.g4 Nf6d7
12.e4 dxe4
13.Nd2xe4 Bd6f4
14.Ne4c5 Nd7xc5
15.dxc5 O-O
16.Qe2e4 f5
17.Qe4d4 Qc7d7
18.Qd4xf4 { resign }
1-0

[Event "Tourn. n8498"]
[Site "www.chess-mail.com"]
[Date "2015.12.24"]
[Round "1"]
[White "Bojan"]
[Black "Krystek231"]
[WhiteElo "2020"]
[BlackElo "1960"]
[Result "1-0"]
[Round "1"]
1.e4 c5
2.c3 e6
3.Ng1f3 Nb8c6
4.Nb1a3 a6
5.Na3c4 b5
6.Nc4e5 Nc6xe5
7.Nf3xe5 Ng8f6
8.Bf1d3 Bc8b7
9.Bd3c2 d6
10.Ne5xf7 Kxf7
11.d3 Bf8e7
12.Qd1f3 Rh8f8
13.Qf3h3 Kg8
14.Qh3xe6 Kh8
15.f3 Bb7c8
16.Qe6b3  { time }
1-0

[Event "Tourn. n8393"]
[Site "www.chess-mail.com"]
[Date "2015.12.24"]
[Round "1"]
[White "Boyc"]
[Black "Relaxmax"]
[WhiteElo "1530"]
[BlackElo "1459"]
[Result "1-0"]
[Round "1"]
1.e4 c6
2.d4 d5
3.Nb1c3 dxe4
4.Nc3xe4 Bc8f5
5.Ne4g3 Bf5g6
6.h4 h6
7.Ng1f3 Nb8d7
8.h5 Bg6h7
9.Bf1d3 Bh7xd3
10.Qd1xd3 e6
11.Bc1f4 Qd8a5
12.Bf4d2 Bf8b4
13.c3 Bb4e7
14.c4 Qa5c7
15.O-O-O Ng8f6
16.Kb1 O-O
17.Ng3e4 Ra8d8
18.Ne4xf6 Nd7xf6
19.Rh1h4 c5
20.Bd2f4 Qc7b6
21.Rd1d2 cxd4
22.Bf4e5 Qb6a5
23.Qd3e2 Nf6d7
24.Rh4xd4 Nd7xe5
25.Qe2xe5  { time }
1-0

[Event "Tourn. n8546"]
[Site "www.chess-mail.com"]
[Date "2015.12.24"]
[Round "1"]
[White "Rons"]
[Black "Faerieking"]
[WhiteElo "2610"]
[BlackElo "2260"]
[Result "1-0"]
[Round "1"]
1.e4 d5
2.exd5 Ng8f6
3.d4 Bc8g4
4.f3 Bg4f5
5.c4 e6
6.dxe6 Bf8b4
7.Bc1d2 Nb8c6
8.Bd2xb4 Nc6xb4
9.Qd1a4 { resign }
1-0

[Event "Tourn. n8509"]
[Site "www.chess-mail.com"]
[Date "2015.12.24"]
[Round "1"]
[White "Julian"]
[Black "Luban"]
[WhiteElo "1930"]
[BlackElo "1980"]
[Result "1-0"]
[Round "1"]
1.e4 c5
2.Ng1f3 d6
3.Bf1c4 e6
4.c3 a6
5.d4 cxd4
6.cxd4 b5
7.Bc4b3 Bc8b7
8.Qd1e2 h6
9.Nb1c3 Bf8e7
10.O-O Nb8c6
11.e5 dxe5
12.dxe5 Be7c5
13.Nc3e4 Bc5e7
14.Rf1d1 Qd8c7
15.Ne4d6 Be7xd6
16.exd6 Qc7d7
17.Bc1f4 Ng8f6
18.Nf3e5 Nc6xe5
19.Bf4xe5 Qd7c6
20.f3 Ra8c8
21.Be5xf6 { resign }
1-0

[Event "Tourn. n8478"]
[Site "www.chess-mail.com"]
[Date "2015.12.24"]
[Round "1"]
[White "Wwgia"]
[Black "Faerieking"]
[WhiteElo "2230"]
[BlackElo "2270"]
[Result "1-0"]
[Round "1"]
1.e4 d5
2.exd5 Ng8f6
3.Bf1b5 Nb8d7
4.Ng1f3 a6
5.Bb5c4 b5
6.Bc4b3 Bc8b7
7.O-O Nd7b6
8.d4 Nb6xd5
9.a4 b4
10.Nb1d2 e6
11.Nd2c4 a5
12.Rf1e1 Bf8e7
13.Nf3e5 O-O
14.Qd1e2 h6
15.Bc1d2 Be7d6
16.Ra1d1 Qd8e7
17.h3 Rf8c8
18.Bd2c1 Qe7f8
19.g4 g5
20.Re1f1 c5
21.f4 Nf6h7
22.fxg5 Nh7xg5
23.Bc1xg5 hxg5
24.Rf1xf7 { resign }
1-0

[Event "Tourn. n8501"]
[Site "www.chess-mail.com"]
[Date "2015.12.24"]
[Round "1"]
[White "Norlavuaram"]
[Black "Bojan"]
[WhiteElo "2260"]
[BlackElo "2010"]
[Result "0-1"]
[Round "1"]
1.e4 d6
2.c4 g6
3.Nb1c3 Bf8g7
4.Ng1f3 c5
5.Bf1e2 Nb8c6
6.O-O Nc6d4
7.Nf3xd4 Bg7xd4
8.d3 Bc8e6
9.Kh1 h6
10.f4 f5
11.exf5 Be6xf5
12.Nc3e4 Qd8b6
13.Qd1c2 Ng8f6
14.Ne4xf6 Bd4xf6
15.Be2f3 Bf6d4
16.Ra1b1 Qb6c7
17.g4 Bf5d7
18.Bc1d2 e5
19.Rb1e1 O-O-O
20.fxe5 Bd4xe5
21.Bd2c3 Be5f4
22.Bc3xh8 Rd8xh8
23.Re1e7 h5
24.gxh5 gxh5
25.Bf3d5 Rh8f8
26.Qc2e2 Qc7d8
27.Qe2e4 Bf4h6
28.Rf1xf8 Bh6xf8
29.Bd5xb7 Kc7
30.Bb7a8 Qd8xe7
{ resign }
0-1

[Event "Match"]
[Site "www.echecsemail.com"]
[Date "2015.12.24"]
[Round "1"]
[White "George1955"]
[Black "Nimzo"]
[WhiteElo "2690"]
[BlackElo "2840"]
[Result "1-0"]
[Round "1"]
1.e4 e6
2.d4 d5
3.Nb1c3 Ng8f6
4.Bc1g5 dxe4
5.Nc3xe4 Bf8e7
6.Bg5xf6 gxf6
7.Ng1f3 f5
8.Ne4c3 a6
9.g3 b5
10.Bf1g2 Bc8b7
11.O-O c5
12.dxc5 Be7xc5
13.Qd1xd8 Kxd8
14.Ra1d1 Ke7
15.Rf1e1 Kf6
{ time. }
1-0

[Event "Match"]
[Site "www.echecsemail.com"]
[Date "2015.12.24"]
[Round "1"]
[White "Genius7"]
[Black "Johndyson"]
[WhiteElo "1730"]
[BlackElo "2410"]
[Result "0-1"]
[Round "1"]
1.d4 d5
2.c4 c6
3.cxd5 cxd5
4.Nb1c3 Ng8f6
5.g3 Nb8c6
6.Bf1g2 Bc8f5
7.a3 e6
8.Ng1f3 h6
9.O-O Bf8e7
10.b4 a6
11.Bc1b2 Ra8c8
12.Ra1c1 O-O
13.Nc3a4 Nf6e4
14.Na4c5 Ne4d6
15.Nf3e5 Nc6xe5
16.dxe5 Nd6c4
17.Qd1b3 Nc4d2
18.Qb3e3 Nd2xf1
19.Rc1xf1 Qd8b6
20.Bb2d4 Qb6b5
21.h3 a5
22.g4 Bf5h7
23.bxa5 Be7xc5
24.Bd4xc5 Rc8xc5
{ resign }
0-1

[Event "Match"]
[Site "www.echecsemail.com"]
[Date "2015.12.24"]
[Round "1"]
[White "Ssharp"]
[Black "Bojan"]
[WhiteElo "2230"]
[BlackElo "2010"]
[Result "1-0"]
[Round "1"]
1.e4 e5
2.f4 d6
3.Ng1f3 Nb8c6
4.Bf1c4 exf4
5.d4 Nc6a5
6.Bc4b5 Bc8d7
7.Bb5d3 Qd8e7
8.Bc1xf4 f5
9.O-O fxe4
10.Bd3xe4 O-O-O
11.Nb1c3 Ng8f6
12.Bf4g5 Qe7f7
13.Bg5xf6 gxf6
14.Be4d5 Bd7e6
15.Nf3g5 Qf7g6
16.Bd5xe6 Kb8
17.Ng5f3 a6
18.b4 Na5c6
19.b5 axb5
20.Nc3xb5 d5
21.c4 dxc4
22.d5 Nc6a5
23.Qd1a4 Bf8c5
24.Kh1 Bc5b6
25.Ra1c1 c6
26.dxc6 bxc6
27.Nb5d4 Rd8d6
28.Be6xc4 c5
29.Nd4b3 Na5xc4
30.Qa4xc4 Rh8c8
31.a4 Rd6c6
32.a5 Bb6a7
33.Rc1b1 Rc8c7
34.Nb3d4 Kc8
35.Nd4xc6 Rc7xc6
36.Nf3d4 Rc6d6
37.Nd4b5 Ba7b8
38.Nb5xd6 Bb8xd6
39.Qc4e6 Kc7
40.Rb1b6 { resign }
1-0

[Event "Match"]
[Site "www.echecsemail.com"]
[Date "2015.12.24"]
[Round "1"]
[White "Passaroa25"]
[Black "Cal"]
[WhiteElo "1660"]
[BlackElo "1299"]
[Result "0-1"]
[Round "1"]
1.e4 e5
2.Ng1e2 Ng8f6
3.Ne2g3 a6
4.c3 Nb8c6
5.Bf1e2 h6
6.d3 Bf8c5
7.Bc1e3 Bc5xe3
8.fxe3 b5
9.O-O O-O
10.Nb1d2 d5
11.Be2f3 Nc6e7
12.Qd1c2 Ne7g6
13.Ng3f5 c6
14.Nd2b3 Bc8xf5
15.Nb3c5 dxe4
16.dxe4 Bf5e6
17.Nc5b7 Qd8c7
18.Nb7c5 Be6c4
19.Rf1d1 Ng6h4
20.h3 Qc7e7
21.Nc5d3 Nh4xf3
22.gxf3 Nf6h5
23.Nd3f2 Qe7g5
24.Nf2g4 Qg5h4
25.Qc2g2 Nh5g3
26.Kh2 Bc4e2
27.Qg2xg3 Qh4xg3
28.Kh1 Be2xf3

0-1

[Event "Match"]
[Site "www.echecsemail.com"]
[Date "2015.12.24"]
[Round "1"]
[White "Tomcapp"]
[Black "Jackbauer"]
[WhiteElo "1630"]
[BlackElo "1399"]
[Result "0-1"]
[Round "1"]
1.e4 c5
2.c4 Nb8c6
3.Ng1f3 d6
4.d4 cxd4
5.Nf3xd4 Nc6xd4
6.Qd1xd4 e5
7.Qd4d5 Ng8f6
8.Qd5b5 Qd8d7
9.Qb5xd7 Bc8xd7
10.Nb1c3 h6
11.Bf1e2 Bf8e7
12.O-O O-O
13.b3 a6
14.a4 Rf8e8
15.b4 Bd7c6
16.Be2f3 Bc6d7
17.Nc3d5 Nf6xd5
18.cxd5 f5
19.exf5 Bd7xf5
20.a5 Be7d8
21.Bf3h5 Re8f8
22.h3 Bf5e4
23.Bh5f3 Be4xf3
24.gxf3 Rf8xf3
25.Kh2 Bd8h4
26.Rf1g1 Rf3xf2
27.Kh1 Ra8f8
28.Bc1xh6 Bh4f6
29.Ra1f1 Rf2xf1
30.Rg1xf1 gxh6
31.Rf1g1 Kh7
32.Rg1g4 Rf8c8
33.h4 h5
34.Rg4g1 Rc8c4
35.b5 Rc4xh4
36.Kg2 e4
37.Kf2 Bf6d4
38.Kf1 Bd4xg1
39.Kxg1 Rh4f4
{ resign }
0-1

[Event "Match"]
[Site "www.echecsemail.com"]
[Date "2015.12.24"]
[Round "1"]
[White "Pare123"]
[Black "Ztornad"]
[WhiteElo "1980"]
[BlackElo "1760"]
[Result "1-0"]
[Round "1"]
1.c4 c5
2.Nb1c3 g6
3.d3 Bf8h6
4.f4 Nb8c6
5.Ng1f3 e5
6.fxe5 Bh6xc1
7.Ra1xc1 Nc6d4
8.Nf3xd4 cxd4
9.Nc3b5 Qd8b6
10.Nb5d6 Kf8
11.b3 Ng8e7
12.Qd1d2 h5
13.Qd2f4 Ne7f5
14.Nd6xf5 gxf5
15.Qf4xf5 d5
16.Qf5g5 Bc8e6
17.Rc1c2 Qb6b4
18.Rc2d2 Ra8e8
19.g3 Qb4e7
20.Qg5f4 Qe7a3
21.Bf1g2 dxc4
22.dxc4 Be6h3
23.Bg2d5 Bh3e6
24.Rh1f1 Rh8h7
25.Qf4xd4 Be6xd5
26.Qd4xd5 Re8e7
27.c5 Kg7
28.Rf1f6 Qa3c1
29.Kf2 Qc1c3
30.Rd2d4 Kf8
31.e6 Re7xe6
32.Rf6xe6 fxe6
33.Qd5d8 Kg7
34.Rd4d7 Kg6
35.Qd8g8 Rh7g7
36.Qg8xe6 Qc3f6
37.Qe6xf6  { time }
1-0

[Event "Match"]
[Site "www.echecsemail.com"]
[Date "2015.12.24"]
[Round "1"]
[White "Mrmoto"]
[Black "Forest"]
[WhiteElo "1540"]
[BlackElo "1570"]
[Result "1-0"]
[Round "1"]
1.e4 e6
2.d4 d5
3.Nb1d2 c5
4.exd5 exd5
5.Ng1f3 Ng8f6
6.c4 cxd4
7.Nf3xd4 Bf8e7
8.h3 O-O
9.Bf1e2 dxc4
10.Nd2xc4 Be7b4
11.Kf1 Qd8c7
12.b3 Bb4c3
13.Nd4b5 Qc7e7
14.Nb5xc3 Nb8c6
15.Bc1g5 Bc8e6
16.f3 Rf8d8
17.Qd1c2 Ra8c8
18.Kf2 Be6xc4
19.bxc4 { resign }
1-0

[Event "Match"]
[Site "www.echecsemail.com"]
[Date "2015.12.24"]
[Round "1"]
[White "Darknight"]
[Black "Dulap"]
[WhiteElo "1640"]
[BlackElo "1730"]
[Result "0-1"]
[Round "1"]
1.e4 e5
2.Bf1c4 Ng8f6
3.d3 Nb8c6
4.a3 Bf8e7
5.c3 d6
6.h3 Bc8e6
7.Bc4xe6 fxe6
8.Bc1g5 O-O
9.h4 d5
10.f3 h6
11.Bg5xf6 Be7xf6
12.g3 d4
13.c4 a6
14.Nb1d2 b5
15.c5 b4
16.Qd1b3 Qd8e7
17.axb4 Rf8b8
18.Ra1a4 Rb8b5
19.Nd2c4 a5
20.Nc4a3 Rb5xb4
21.Qb3c2 Rb4xa4
22.Qc2xa4 Qe7xc5
23.Ng1e2 Nc6b4
24.Qa4d1 Bf6e7
25.Na3c4 Qc5b5
26.b3 Nb4a2
27.Qd1c2 Be7b4
28.Kf2 Na2c3
29.Ne2xc3 Bb4xc3
30.g4 Ra8b8
31.Rh1b1 a4
32.Nc4d2 a3
33.Ke2 Rb8a8
34.b4 a2
35.Nd2b3 axb1Q
36.Qc2xb1 Qb5xb4
37.Qb1d1 Ra8a2
38.Kf1 Ra2h2
39.Kg1 Rh2xh4
40.Nb3c1 Qb4b1
41.Kg2 Bc3b2
42.Qd1e1 g5
43.f4 Qb1xc1
44.Qe1xc1 Bb2xc1
45.fxe5 Rh4xg4
46.Kf3 Rg4f4
47.Kg3 h5
48.Kh3 Rf4f3
49.Kg2 Rf3xd3
50.Kf2 Rd3e3
{ resign }
0-1

[Event "1/32 Finale"]
[Site "www.chess-mail.com"]
[Date "2015.12.24"]
[Round "1"]
[White "Emmanuel69"]
[Black "Norlavuaram"]
[WhiteElo "1970"]
[BlackElo "2230"]
[Result "0-1"]
[Round "1"]
1.c4 c5
2.Nb1c3 Nb8c6
3.g3 g6
4.d3 Bf8g7
5.Bf1g2 Ng8f6
6.Ng1f3 O-O
7.O-O d6
8.e4 e6
9.Rf1e1 e5
10.Nc3d5 Bc8g4
11.h3 Bg4xf3
12.Bg2xf3 Qd8d7
13.Nd5xf6 Bg7xf6
14.Bf3g2 Bf6g7
15.Bc1e3 f5
16.Qd1c1 Ra8e8
17.Re1e2 Nc6e7
18.f4 Ne7c6
19.a3 a6
20.Ra1b1 exf4
21.Be3xf4 Nc6d4
22.Re2f2 fxe4
23.dxe4 Bg7e5
24.Bf4xe5 dxe5
25.Qc1d2 Rf8xf2
26.Qd2xf2 Re8f8
27.Qf2e3 Qd7e6
28.b3 b5
29.cxb5 axb5
30.a4 bxa4
31.bxa4 Qe6a2
32.Qe3d3 c4
33.Qd3d1 Rf8f2
34.Bg2f1 Nd4f3
35.Kh1 Rf2h2

0-1

[Event "Eq:Angolana Scacchi-Slap Shot Mates : "]
[Site "www.chess-mail.com"]
[Date "2015.12.24"]
[Round "1"]
[White "Huw"]
[Black "Echo314"]
[WhiteElo "1970"]
[BlackElo "2760"]
[Result "0-1"]
[Round "1"]
1.d4 d5
2.c4 c6
3.Ng1f3 Ng8f6
4.Nb1c3 e6
5.e3 Nb8d7
6.Bf1d3 dxc4
7.Bd3xc4 b5
8.Bc4d3 Bc8b7
9.O-O a6
10.e4 c5
11.d5 Qd8c7
12.dxe6 fxe6
13.Bd3c2 Bf8d6
14.Nf3g5 Nd7f8
15.f4 O-O-O
16.Qd1e2 h6
17.Ng5h3 e5
18.f5 c4
19.Bc1e3 Bd6c5
20.Nh3f2 Bc5d4
21.Rf1d1 Nf8h7
22.Ra1c1 Kb8
23.Rd1d2 Qc7c5
24.Rc1e1 Rh8g8
25.Kf1 g6
26.fxg6 Rg8xg6
27.Nc3d1 Rd8f8
{ resign }
0-1

[Event "Eq:chibcha-Slap Shot Mates : "]
[Site "www.chess-mail.com"]
[Date "2015.12.24"]
[Round "1"]
[White "Karlgrocer"]
[Black "Sebolix"]
[WhiteElo "1980"]
[BlackElo "2680"]
[Result "0-1"]
[Round "1"]
1.Ng1f3 f5
2.d4 Ng8f6
3.e3 g6
4.Bf1e2 Bf8g7
5.O-O O-O
6.Nb1d2 d6
7.Ra1b1 Nb8c6
8.a3 e5
9.dxe5 dxe5
10.Be2c4 Kh8
11.b4 e4
12.Nf3e1 Qd8e7
13.Bc1b2 a5
14.b5 Nc6e5
15.Bb2xe5 Qe7xe5
16.a4 Rf8d8
17.Qd1c1 Qe5c3
18.Bc4b3 Qc3xd2
19.Qc1xd2 Rd8xd2
20.g3 Bc8d7
21.c4 Ra8d8
22.Ne1g2 Bd7e6
23.Ng2f4 Be6g8
24.h3 Nf6d7
25.Rf1c1 Nd7c5
26.Nf4d5 Bg7b2
27.Rc1c2 Nc5xb3
28.Rc2xb2 Rd2xb2
29.Rb1xb2 Bg8xd5
30.cxd5 Nb3c5
31.Rb2c2 Rd8xd5
32.Kg2 b6
{ resign }
0-1

[Event "Fast Game"]
[Site "www.echecsemail.com"]
[Date "2015.12.24"]
[Round "1"]
[White "Skarr"]
[Black "Fkarpov"]
[WhiteElo "1599"]
[BlackElo "1840"]
[Result "0-1"]
[Round "1"]
1.d4 Ng8f6
2.c4 e6
3.Nb1c3 Bf8b4
4.e3 Bb4xc3
5.bxc3 O-O
6.Bf1d3 d5
7.Ng1e2 Nf6e4
8.f3 Ne4f6
9.cxd5 Nf6xd5
10.e4 Nd5e7
11.O-O Nb8d7
12.e5 Nd7b6
13.Qd1c2 Ne7g6
14.Bc1a3 Rf8e8
15.Ra1d1 Bc8d7
16.Qc2c1 Bd7a4
17.Rd1d2 Ba4c6
18.c4 Qd8d7
19.Qc1c2 Qd7d8
20.Bd3e4 Bc6xe4
21.fxe4 Nb6d7
{ resign }
0-1

[Event "Fast Game"]
[Site "www.echecsemail.com"]
[Date "2015.12.24"]
[Round "1"]
[White "Pellix84"]
[Black "Cal"]
[WhiteElo "1630"]
[BlackElo "1639"]
[Result "1-0"]
[Round "1"]
1.d4 d5
2.c4 dxc4
3.e4 e6
4.Bf1xc4 h6
5.Ng1f3 Ng8f6
6.Nb1c3 a6
7.O-O Bf8e7
8.Rf1e1 b5
9.Bc4b3 O-O
10.Qd1d3 c5
11.Bb3c2 c4
12.Qd3e2 Bc8d7
13.Nf3e5 Be7b4
14.Ne5xd7 Nb8xd7
15.e5 Nf6d5
16.Qe2e4 Bb4xc3
17.Qe4h7 
1-0